Ảnh hưởng của dịch chiết lá ổi (Psidium guajava) và rong mơ (Sargassum microcystum) lên sự đề kháng bệnh đốm trắng nội tạng trên cá lóc (Channa striata) : Luận văn tốt nghiệp cao học ngành Nuôi trồng Thủy sản

Nội dung luận văn nghiên cứu ảnh hưởng của dịch chiết lá ổi (Psidium guajava) và rong mơ (Sargassum microcystum) lên sự đề kháng bệnh đốm trắng nội tạng trên cá lóc (Channa striata)

Na minha lista:
Detalhes bibliográficos
Formato: Livro
Idioma:Undetermined
Publicado em: Cần Thơ Trường Đại học Cần Thơ 2018
Assuntos:
Tags: Adicionar Tag
Sem tags, seja o primeiro a adicionar uma tag!
Thư viện lưu trữ: Trung tâm Học liệu Trường Đại học Cần Thơ
LEADER 01170nam a2200205Ia 4500
001 CTU_227307
008 210402s9999 xx 000 0 und d
082 |a 639.31 
082 |b H531 
245 0 |a Ảnh hưởng của dịch chiết lá ổi (Psidium guajava) và rong mơ (Sargassum microcystum) lên sự đề kháng bệnh đốm trắng nội tạng trên cá lóc (Channa striata) : 
245 0 |b Luận văn tốt nghiệp cao học ngành Nuôi trồng Thủy sản 
245 0 |c Nguyễn Như Huỳnh ; Từ Thanh Dung (cán bộ hướng dẫn) 
260 |a Cần Thơ 
260 |b Trường Đại học Cần Thơ 
260 |c 2018 
520 |a Nội dung luận văn nghiên cứu ảnh hưởng của dịch chiết lá ổi (Psidium guajava) và rong mơ (Sargassum microcystum) lên sự đề kháng bệnh đốm trắng nội tạng trên cá lóc (Channa striata) 
650 |a Freshwater fishes,Cá nước ngọt 
650 |x Breeding,Kỹ thuật nuôi 
910 |b dqhieu 
980 |a Trung tâm Học liệu Trường Đại học Cần Thơ